Scramble Λέξεων - Χώρες - Statistics

General Stats
  • This quiz has been taken 374 times
  • The average score is 12 of 20
Answer Stats
Scramble Χώρα % Correct
ηιλχ Χιλή
95%
υροεπ Περού
92%
αινκ Κίνα
89%
λαγλια Γαλλία
84%
λαδαελ Ελλάδα
84%
νασγιαφταν Αφγανιστάν
82%
αζιλβιρα Βραζιλία
75%
αραυτανιιμ Μαυριτανία
71%
αδανσακ Καναδάς
71%
διανι Ινδία
69%
ενισαθο Εσθονία
66%
ηλρασι Ισραήλ
65%
νλοαακγ Ανγκόλα
50%
ουγασιπτ Αίγυπτος
36%
ριακυτο Τουρκία
33%
ωιγγερα Γεωργία
28%
νρισακαλ Σρι Λάνκα
26%
ιαρανοκυ Ουκρανία
26%
χεσαμαπμ Μπαχάμες
20%
πουνρηγκασι Σινγκαπούρη
18%
No matching quizzes found
Score Distribution
Percent of People with Each Score
Percentile by Number Answered
Your Score History
You have not taken this quiz